[Event "Lliga Catalana DH"]
[Site "?"]
[Date "2015.02.14"]
[Round "4.10"]
[White "Subirachs Mancebo, G."]
[Black "Llobet Reus, P."]
[Result "0-1"]
[WhiteElo "2212"]
[BlackElo "2288"]
[PlyCount "192"]
[EventDate "2015.??.??"]
[EventType "team"]

1. e4 d6 2. Nc3 Nf6 3. g3 g6 4. Bg2 Bg7 5. Nge2 O-O 6. O-O e5 7. d4 Nc6 8. h3
Bd7 9. Be3 exd4 10. Nxd4 Re8 11. Re1 a6 12. a4 Na5 13. Qd3 c5 14. Nde2 Bc6 15.
Rad1 Qb6 16. Qxd6 Nc4 17. Qxc5 Qxc5 18. Bxc5 Nxb2 19. Rb1 Nc4 20. f3 Rac8 21.
Bd4 Nd7 22. Kf2 Na3 23. Rb3 Nxc2 24. Rd1 Nxd4 25. Nxd4 Nc5 26. Ra3 Bd7 27. a5
Ne6 28. Nde2 Bc6 29. Nd5 Nc7 30. Nxc7 Rxc7 31. Rad3 Bb5 32. Rd8 Kf8 33. Nf4
Rc2+ 34. R1d2 Rxd2+ 35. Rxd2 Bc3 36. Ra2 Bd4+ 37. Ke1 Rc8 38. Ne2 Bc5 39. Rb2
Ba3 40. Rb3 Bd6 41. f4 Rc2 42. Bf3 Bc5 43. e5 Ra2 44. Rb1 Be3 45. Rd1 Rb2 46.
Rd8+ Ke7 47. Rd1 h5 48. Kf1 h4 49. gxh4 Bxf4 50. Rd4 Bxe5 51. Re4 Kd6 52. h5
gxh5 53. Bxh5 f5 54. Rh4 Bc3 55. Bf3 Bxa5 56. Rd4+ Ke5 57. Rd5+ Ke6 58. Rd1 Bb4
59. h4 a5 60. Kg1 Bc5+ 61. Kh1 Bxe2 62. Re1 Bb4 63. Rxe2+ Rxe2 64. Bxe2 a4 65.
Bc4+ Kd6 66. h5 Kc5 67. Be6 a3 68. Kg2 Bc3 69. Kf3 Be5 70. Ke2 Kd4 71. Kd2 f4
72. Kc2 Ke3 73. Kb3 Bb2 74. Bd5 b6 75. h6 f3 76. Bc4 Kd2 77. h7 f2 78. h8=Q
Bxh8 79. Kxa3 Bd4 80. Kb4 Bc5+ 81. Kb5 Ke1 82. Bd3 f1=Q 83. Bxf1 Kxf1 84. Kc4
Ke2 85. Kc3 b5 86. Kc2 Ke3 87. Kc3 Ke4 88. Kc2 Kd4 89. Kb3 Bf8 90. Kb2 Kc4 91.
Ka2 b4 92. Kb2 Bg7+ 93. Kc2 Bc3 94. Kc1 Kb3 95. Kb1 Bg7 96. Kc1 Ka2 0-1

[Event "Lliga Catalana DH"]
[Site "?"]
[Date "2015.02.14"]
[Round "4.1"]
[White "Beltran Rueda, S."]
[Black "Movsziszian, K."]
[Result "0-1"]
[WhiteElo "2459"]
[BlackElo "2513"]
[PlyCount "128"]
[EventDate "2015.??.??"]
[EventType "team"]

1. c4 d6 2. d4 g6 3. Nc3 Bg7 4. Nf3 Nd7 5. e4 e5 6. Be2 Ngf6 7. O-O O-O 8. Re1
Re8 9. d5 Nc5 10. Bf1 a5 11. b3 Ng4 12. h3 Nh6 13. Be3 f5 14. Nd2 f4 15. Bxc5
dxc5 16. Be2 Bf8 17. Na4 b6 18. Nb2 Bd6 19. Nd3 Qe7 20. a4 Kh8 21. Qc2 Bd7 22.
Qc3 Qg7 23. Kh1 Re7 24. Nf1 Nf7 25. Bg4 Bxg4 26. hxg4 f3 27. gxf3 Ng5 28. Nh2
Qh6 29. Re3 Kg8 30. Rg1 Rf8 31. Rg3 Qg7 32. Re1 h6 33. Kg2 Ref7 34. Rh1 Qf6 35.
Kf1 Rg7 36. Ke2 Kf7 37. Nf1 Ke8 38. Nd2 Rh7 39. Kd1 Kd8 40. Kc2 Qe7 41. Qa1 Nf7
42. Rgh3 Rfh8 43. Re1 h5 44. gxh5 Rxh5 45. Rg3 R8h6 46. Reg1 Ng5 47. Rg4 Nh3
48. Rxg6 Rxg6 49. Rxg6 Qf7 50. Re6 Kc8 51. Qf1 Kb7 52. Qg2 Ng5 53. Nxe5 Qg7 54.
Rxd6 cxd6 55. Qg4 Rh7 56. Nc6 Qf6 57. f4 Nh3 58. e5 Qg7 59. Qf5 Nxf2 60. e6 Ng4
61. e7 Ne3+ 62. Kd3 Nxf5 63. e8=Q Rh3+ 64. Kc2 Ne3+ 0-1

[Event "Lliga Catalana DH"]
[Site "?"]
[Date "2015.02.14"]
[Round "4.2"]
[White "Gonzalez Perez, A."]
[Black "Fernandez Aguado, E."]
[Result "1-0"]
[WhiteElo "2527"]
[BlackElo "2388"]
[PlyCount "95"]
[EventDate "2015.??.??"]
[EventType "team"]

1. e4 e5 2. Nf3 Nc6 3. d4 exd4 4. Nxd4 Bc5 5. Nb3 Bb6 6. Nc3 Nge7 7. Qe2 O-O 8.
Be3 d6 9. O-O-O f5 10. f4 fxe4 11. g3 Nf5 12. Bxb6 axb6 13. Bg2 Na5 14. Nxa5
Rxa5 15. Bxe4 c6 16. Qd3 Qf6 17. Bxf5 Bxf5 18. Qxd6 b5 19. Qxf6 gxf6 20. a3 b4
21. axb4 Ra1+ 22. Kd2 Rd8+ 23. Ke3 Re8+ 24. Kf2 Rxd1 25. Rxd1 Kf7 26. Rd2 h5
27. b5 h4 28. bxc6 bxc6 29. Nd1 Rh8 30. Kf3 Re8 31. Nf2 Be6 32. Ne4 Kg6 33. Nc3
Kh5 34. Rd6 c5 35. Rc6 c4 36. Rc5+ Kh6 37. f5 Bf7 38. Ne4 Rb8 39. Nd6 Bg8 40.
Nxc4 Kg5 41. Nd6 hxg3 42. hxg3 Rxb2 43. Ne4+ Kh6 44. Nxf6 Bf7 45. Rc7 Ba2 46.
g4 Kg5 47. Ne4+ Kh6 48. g5+ 1-0

[Event "Lliga Catalana DH"]
[Site "?"]
[Date "2015.02.14"]
[Round "4.3"]
[White "Marcet Bisbal, A."]
[Black "Akbarinia, SA."]
[Result "0-1"]
[WhiteElo "2372"]
[BlackElo "2366"]
[PlyCount "76"]
[EventDate "2015.??.??"]
[EventType "team"]

1. d4 d5 2. c4 e6 3. Nc3 Nf6 4. cxd5 exd5 5. Bg5 c6 6. e3 h6 7. Bh4 Be7 8. Bd3
Nbd7 9. Nge2 Nh5 10. Bxe7 Qxe7 11. g4 Nhf6 12. h3 Nb6 13. Qc2 Bd7 14. O-O-O
O-O-O 15. Kb1 Kb8 16. Ng3 g5 17. Na4 Nxa4 18. Qxa4 h5 19. Nf5 Qf8 20. f3 Re8
21. Qb3 Bxf5 22. Bxf5 Qd6 23. h4 gxh4 24. g5 Ng8 25. f4 Ne7 26. Bc2 f6 27. Rdg1
fxg5 28. Rxg5 Reg8 29. Re5 h3 30. Rxh3 Rg1+ 31. Bd1 Qg6+ 32. Kc1 Nc8 33. Qc2
Qg4 34. Rh2 Qg3 35. Re2 Qg7 36. Re6 h4 37. Qf5 h3 38. Qc2 h2 0-1

[Event "Lliga Catalana DH"]
[Site "?"]
[Date "2015.02.14"]
[Round "4.4"]
[White "Dominguez Pons, E."]
[Black "Ayas Fernandez, A."]
[Result "1-0"]
[WhiteElo "2402"]
[BlackElo "2341"]
[PlyCount "61"]
[EventDate "2015.??.??"]
[EventType "team"]

1. d4 Nf6 2. Bg5 d5 3. e3 e6 4. c4 Be7 5. Nc3 O-O 6. Nf3 b6 7. cxd5 Nxd5 8.
Bxe7 Qxe7 9. Rc1 Bb7 10. Bd3 Rc8 11. O-O Nd7 12. Nxd5 Bxd5 13. Ba6 Rd8 14. Rxc7
Qd6 15. Rc3 Bxa2 16. Qc2 Bd5 17. e4 Nb8 18. Bd3 Bb7 19. e5 Qd5 20. Bxh7+ Kf8
21. Re1 Na6 22. Be4 Qd7 23. Bxb7 Qxb7 24. Qh7 Ke7 25. Qxg7 Rg8 26. Qf6+ Ke8 27.
Rec1 Rg6 28. Qf4 Kf8 29. h4 Kg7 30. Ng5 Rh8 31. Rf3 1-0

[Event "Lliga Catalana DH"]
[Site "?"]
[Date "2015.02.14"]
[Round "4.5"]
[White "Escobar Torres, A."]
[Black "Delisau Gil, O."]
[Result "0-1"]
[WhiteElo "2261"]
[BlackElo "2316"]
[PlyCount "82"]
[EventDate "2015.??.??"]
[EventType "team"]

1. e4 c5 2. Nf3 d6 3. c3 Nf6 4. Be2 g6 5. O-O Bg7 6. Re1 O-O 7. Bf1 e5 8. d4
exd4 9. cxd4 Bg4 10. d5 Re8 11. Nc3 Nbd7 12. h3 Bxf3 13. Qxf3 a6 14. a4 Nh5 15.
Bd2 Ne5 16. Qe3 f5 17. exf5 gxf5 18. Qg5 Qxg5 19. Bxg5 f4 20. Re4 f3 21. g3 Nf7
22. Rxe8+ Rxe8 23. Bh4 Bd4 24. Bd3 Re5 25. Kf1 h6 26. Re1 Rxe1+ 27. Kxe1 Ne5
28. Bf1 Bxc3+ 29. bxc3 Kf7 30. c4 Nf6 31. g4 Ne4 32. Bd8 Kg6 33. Be7 h5 34.
gxh5+ Kxh5 35. Bd8 Kg6 36. Be7 Kf5 37. Bf8 Ng6 38. Bg7 Nf4 39. Bf8 Ng2+ 40. Kd1
Nxf2+ 41. Kd2 Ne4+ 0-1

[Event "Lliga Catalana DH"]
[Site "?"]
[Date "2015.02.14"]
[Round "4.6"]
[White "Travesset Ribera, J."]
[Black "Crespo Revilla, JM."]
[Result "1-0"]
[WhiteElo "2320"]
[BlackElo "2224"]
[PlyCount "37"]
[EventDate "2015.??.??"]
[EventType "team"]

1. d4 Nf6 2. Bg5 Ne4 3. Bf4 c5 4. f3 Qa5+ 5. c3 Nf6 6. Nd2 cxd4 7. Nb3 Qf5 8.
Bxb8 Rxb8 9. Qxd4 b6 10. e4 Qe6 11. O-O-O d6 12. Qa4+ Bd7 13. Qxa7 Rc8 14. Ba6
Rd8 15. Qxb6 g6 16. Qd4 Bg7 17. Bc4 d5 18. Bxd5 Qa6 19. Nc5 1-0

[Event "Lliga Catalana DH"]
[Site "?"]
[Date "2015.02.14"]
[Round "4.7"]
[White "Maroto Borras, JL."]
[Black "Castelltort Fernandez, A."]
[Result "1/2-1/2"]
[WhiteElo "2205"]
[BlackElo "2365"]
[PlyCount "51"]
[EventDate "2015.??.??"]
[EventType "team"]

1. d4 f5 2. g3 Nf6 3. Bg2 g6 4. Nf3 Bg7 5. O-O O-O 6. c4 d6 7. Nc3 c6 8. d5 e5
9. dxe6 Bxe6 10. b3 Na6 11. Be3 Qe7 12. Qd2 Nc5 13. Ng5 Rad8 14. Rad1 a6 15.
Bxc5 dxc5 16. Qe3 Rxd1 17. Rxd1 Re8 18. Na4 Bf8 19. Kf1 Bf7 20. Qxe7 Bxe7 21.
Nc3 Rd8 22. Rxd8+ Bxd8 23. e4 Ng4 24. Nxf7 Kxf7 25. h3 Nf6 26. Ke2 1/2-1/2

[Event "Lliga Catalana DH"]
[Site "?"]
[Date "2015.02.14"]
[Round "4.8"]
[White "Pueyo Burrell, D."]
[Black "Draghici Flutor, G."]
[Result "1-0"]
[WhiteElo "2285"]
[BlackElo "2191"]
[PlyCount "73"]
[EventDate "2015.??.??"]
[EventType "team"]

1. e4 c5 2. Nf3 Nc6 3. d4 cxd4 4. Nxd4 Nf6 5. Nc3 d6 6. g3 Bg4 7. f3 Bd7 8. Bg2
g6 9. Nb3 Bg7 10. Be3 O-O 11. O-O Ne5 12. Qe2 Be6 13. Nd2 Qc8 14. Rfd1 Rd8 15.
Kh1 d5 16. Bd4 Nc6 17. Bxf6 Bxf6 18. exd5 Bxc3 19. dxe6 Bxb2 20. exf7+ Kxf7 21.
Rab1 Bf6 22. Ne4 Nd4 23. Qe3 Qxc2 24. Rdc1 Nf5 25. Qf4 Qe2 26. Re1 Qa6 27. Bf1
Qa5 28. g4 e5 29. Rxb7+ Be7 30. Ng5+ Kg8 31. Rxe5 Qd2 32. Qc4+ Kh8 33. Nf7+ Kg7
34. Nxd8 Rxd8 35. gxf5 Rd4 36. Rexe7+ Kh6 37. Qe2 1-0

[Event "Lliga Catalana DH"]
[Site "?"]
[Date "2015.02.14"]
[Round "4.9"]
[White "Almirall Botella, J."]
[Black "Travesset Ribera, D."]
[Result "1/2-1/2"]
[WhiteElo "2178"]
[BlackElo "2273"]
[PlyCount "63"]
[EventDate "2015.??.??"]
[EventType "team"]

1. d4 Nf6 2. c4 e6 3. Nc3 Bb4 4. f3 O-O 5. e4 Ne8 6. Be3 b6 7. Qb3 c5 8. d5 f5
9. O-O-O Bxc3 10. Qxc3 Qe7 11. Nh3 fxe4 12. Bg5 Nf6 13. fxe4 e5 14. Be2 d6 15.
Rdf1 Na6 16. Qg3 Bd7 17. Nf2 Nc7 18. Ng4 Bxg4 19. Bxg4 h6 20. Bxf6 Rxf6 21. h4
Raf8 22. Rf3 Rxf3 23. gxf3 Rf6 24. Bf5 Ne8 25. Rg1 a6 26. Qg4 Nc7 27. h5 b5 28.
Kb1 bxc4 29. Rc1 Nb5 30. Rxc4 Qb7 31. Rc1 Nd4 32. f4 1/2-1/2

[Event "Lliga Catalana DH"]
[Site "?"]
[Date "2015.02.14"]
[Round "4.10"]
[White "Anguera Maestro, J."]
[Black "Roca Diaz, MA."]
[Result "1-0"]
[WhiteElo "2197"]
[BlackElo "2173"]
[PlyCount "73"]
[EventDate "2015.??.??"]
[EventType "team"]

1. d4 d5 2. Nf3 c6 3. e3 Nf6 4. Bd3 Bg4 5. c4 e6 6. Nbd2 Be7 7. Qb3 Qc7 8. Ne5
Bh5 9. O-O Nbd7 10. f4 Nxe5 11. fxe5 Nd7 12. e4 dxc4 13. Nxc4 b5 14. Nd6+ Bxd6
15. exd6 Qxd6 16. Be3 O-O 17. e5 Qe7 18. Qc2 Rac8 19. Bxh7+ Kh8 20. Be4 c5 21.
Rac1 c4 22. Qd2 f5 23. exf6 Nxf6 24. Bb1 Bf7 25. Bg5 Bg8 26. Rf3 Qd7 27. Bxf6
gxf6 28. Qh6+ Bh7 29. Bxh7 Qxh7 30. Rxf6 Qxh6 31. Rxh6+ Kg8 32. Rxe6 Rf4 33.
Rg6+ Kh8 34. Rc3 Rh4 35. b3 a5 36. Rg5 b4 37. Rxc4 1-0

[Event "Lliga Catalana DH"]
[Site "?"]
[Date "2015.02.21"]
[Round "5.1"]
[White "Rakhmanov, A."]
[Black "Rizouk, A."]
[Result "1-0"]
[WhiteElo "2598"]
[BlackElo "2530"]
[PlyCount "113"]
[EventDate "2015.??.??"]
[EventType "team"]

1. d4 Nf6 2. c4 e6 3. Nc3 d5 4. Bg5 Be7 5. e3 O-O 6. Bd3 Nbd7 7. Nge2 b6 8.
cxd5 exd5 9. Ng3 c5 10. Nf5 cxd4 11. exd4 Bb7 12. O-O Re8 13. Nb5 a6 14. Nbd6
Bxd6 15. Nxd6 Re6 16. Nf5 a5 17. Re1 Ba6 18. Bc2 Rc8 19. Ne3 g6 20. Ba4 Bb7 21.
Rc1 Rxc1 22. Qxc1 Qb8 23. Nf1 Ba6 24. Rxe6 fxe6 25. Bxd7 Nxd7 26. Qc6 Qe8 27.
Ne3 Kf7 28. Bf4 Qc8 29. Bc7 Bb5 30. Qd6 Qf8 31. Qf4+ Kg8 32. Qg4 Qf6 33. h4 Kf7
34. h5 gxh5 35. Qxh5+ Qg6 36. Qh4 Qb1+ 37. Kh2 Qg6 38. b3 Nf6 39. Bd8 a4 40.
bxa4 Bxa4 41. Bxf6 Qxf6 42. Qxf6+ Kxf6 43. Kg3 h5 44. Kf4 Bb5 45. a3 Bd3 46. f3
Be2 47. g3 Bd3 48. Ng2 Bf1 49. Nh4 Bd3 50. g4 hxg4 51. fxg4 Be4 52. g5+ Kf7 53.
Nf3 Kg6 54. Ne5+ Kg7 55. Nd7 b5 56. Nc5 Bf5 57. Na6 1-0

[Event "Lliga Catalana DH"]
[Site "?"]
[Date "2015.02.21"]
[Round "5.2"]
[White "Vassallo Barroche, M."]
[Black "Spraggett, K."]
[Result "0-1"]
[WhiteElo "2424"]
[BlackElo "2556"]
[PlyCount "58"]
[EventDate "2015.??.??"]
[EventType "team"]

1. Nf3 Nf6 2. d4 g6 3. g3 Bg7 4. Bg2 O-O 5. O-O d5 6. c4 dxc4 7. Na3 c3 8. bxc3
c5 9. e3 Nc6 10. Qe2 Bf5 11. Bb2 Rc8 12. Rfd1 cxd4 13. cxd4 Qa5 14. Nd2 Bg4 15.
f3 Be6 16. Nb3 Bxb3 17. axb3 Nd5 18. f4 Rfd8 19. Nb1 Qb6 20. Nd2 Nxd4 21. Bxd4
Bxd4 22. Nc4 Rxc4 23. Bxd5 Bxa1 24. bxc4 e6 25. Rxa1 exd5 26. cxd5 Rxd5 27. Kf2
Rd8 28. Rc1 a5 29. Rc4 Qb1 0-1

[Event "Lliga Catalana DH"]
[Site "?"]
[Date "2015.02.21"]
[Round "5.3"]
[White "Moskalenko, V."]
[Black "Alonso Moyano, J."]
[Result "1-0"]
[WhiteElo "2589"]
[BlackElo "2471"]
[PlyCount "127"]
[EventDate "2015.??.??"]
[EventType "team"]

1. d4 d5 2. c4 c6 3. cxd5 cxd5 4. Nc3 Nc6 5. Bf4 Nf6 6. Nf3 e6 7. e3 a6 8. Bd3
Bb4 9. Rc1 O-O 10. O-O Re8 11. Ne5 Nxe5 12. dxe5 Nd7 13. e4 d4 14. Ne2 Bc5 15.
Qd2 b5 16. Bb1 Bb7 17. Nxd4 Rc8 18. Nb3 Be7 19. Rxc8 Qxc8 20. Rc1 Qd8 21. h3
Ba8 22. Rd1 Nb6 23. Qxd8 Rxd8 24. Rxd8+ Bxd8 25. Nc5 a5 26. b3 Bc6 27. Be3 Kf8
28. Kf1 Ke8 29. f3 Nd7 30. Nd3 Be7 31. Ke2 Bd8 32. Bd4 Bc7 33. Ke3 b4 34. f4
Bb5 35. Nb2 Bf1 36. Kf2 Bb5 37. Bd3 Bxd3 38. Nxd3 Nb8 39. Ke3 g6 40. Nc5 Nd7
41. Na6 Kd8 42. Kd3 Kc8 43. Kc4 Bd8 44. Kb5 Kb7 45. Nc5+ Nxc5 46. Bxc5 h5 47.
a3 bxa3 48. Bxa3 Bb6 49. Bc5 Bc7 50. Bd4 Bd8 51. Bc3 Bb6 52. Bd2 h4 53. Bxa5
Be3 54. f5 exf5 55. exf5 gxf5 56. Be1 Bg5 57. b4 Be7 58. Bf2 Bg5 59. Kc4 Kc6
60. b5+ Kc7 61. Kd5 Kd7 62. b6 Be7 63. Bc5 Bd8 64. b7 1-0

[Event "Lliga Catalana DH"]
[Site "?"]
[Date "2015.02.21"]
[Round "5.4"]
[White "Bergez, L."]
[Black "Narciso Dublan, M."]
[Result "0-1"]
[WhiteElo "2339"]
[BlackElo "2520"]
[PlyCount "124"]
[EventDate "2015.??.??"]
[EventType "team"]

1. d4 Nf6 2. Nc3 d5 3. Bf4 e6 4. e3 Bb4 5. Bd3 O-O 6. Nf3 b6 7. O-O Bb7 8. Nb5
Na6 9. a3 Be7 10. Ne5 c6 11. Nc3 Nc7 12. Qf3 Nce8 13. Qh3 c5 14. g4 c4 15. Be2
Nd6 16. Qg2 Kh8 17. Bd1 Nfe4 18. Nxe4 dxe4 19. g5 f6 20. gxf6 gxf6 21. Ng4 Rg8
22. Kh1 Nf7 23. Be2 Qd5 24. Rg1 Rg6 25. Qf1 Rag8 26. Qh3 Ng5 27. Qh4 Nf3 28.
Bxf3 exf3 29. Rg3 R8g7 30. Bh6 Rf7 31. Qh3 Qe4 32. Rc1 c3 33. bxc3 Bd5 34. a4
Bc6 35. c4 Bxa4 36. Qh5 Qf5 37. Qh4 Bd6 38. Rgg1 Bc6 39. Ne5 fxe5 40. Rxg6 hxg6
41. d5 exd5 42. cxd5 Be8 43. Rg1 Rh7 44. e4 Qf4 45. Qd8 Rxh6 46. Qxe8+ Qf8 47.
Qe6 Kg7 48. Rg3 a5 49. h3 Qe7 50. Qg4 a4 51. Qxf3 Bc5 52. Kg2 a3 53. Qb3 Rh4
54. Qa4 Rf4 55. f3 Rf6 56. h4 Kh7 57. c4 Rf7 58. Rg5 Qd7 59. Qc2 Qe7 60. Qd2
Qf6 61. Rg3 Qf4 62. Qc2 Qe3 0-1

[Event "Lliga Catalana DH"]
[Site "?"]
[Date "2015.02.21"]
[Round "5.5"]
[White "Romero Holmes, A."]
[Black "Martinez Ramirez, E."]
[Result "1-0"]
[WhiteElo "2540"]
[BlackElo "2349"]
[PlyCount "71"]
[EventDate "2015.??.??"]
[EventType "team"]

1. d4 Nf6 2. Bg5 Ne4 3. Bf4 d5 4. e3 e6 5. Bd3 Bd6 6. Qg4 O-O 7. Bxe4 dxe4 8.
Bxd6 Qxd6 9. Nc3 f5 10. Qf4 Nc6 11. O-O-O Qxf4 12. exf4 Rd8 13. Nge2 Ne7 14.
Rd2 b6 15. Nd1 Nd5 16. g3 Bb7 17. Ne3 Rd7 18. Re1 Nxe3 19. fxe3 Rad8 20. b3 Kf7
21. c4 Kf6 22. h4 g6 23. Kc2 h6 24. Kc3 c5 25. Red1 cxd4+ 26. Rxd4 Rxd4 27.
Rxd4 Rxd4 28. Kxd4 g5 29. hxg5+ hxg5 30. b4 gxf4 31. gxf4 Ke7 32. Ke5 Ba6 33.
b5 Bc8 34. Nd4 a5 35. a4 Bd7 36. Nc6+ 1-0

[Event "Lliga Catalana DH"]
[Site "?"]
[Date "2015.02.21"]
[Round "5.6"]
[White "Perez Mañas, B."]
[Black "Gual Pascual, A."]
[Result "1/2-1/2"]
[WhiteElo "2375"]
[BlackElo "2511"]
[PlyCount "64"]
[EventDate "2015.??.??"]
[EventType "team"]

1. e4 g6 2. d4 Bg7 3. Nf3 d6 4. Be2 Nf6 5. Nc3 O-O 6. O-O Nc6 7. h3 e6 8. Bg5
h6 9. Be3 b6 10. Qd2 Kh7 11. d5 exd5 12. exd5 Ne7 13. Rfe1 Bb7 14. Bc4 a6 15.
a3 b5 16. Ba2 Qd7 17. Qd3 Rae8 18. Rad1 Qf5 19. Qd2 Qc8 20. Qd3 Nf5 21. Bc1
Rxe1+ 22. Rxe1 Re8 23. Ne4 Qd8 24. c4 Nxe4 25. Rxe4 Rxe4 26. Qxe4 Qe7 27. Qd3
Nd4 28. Nxd4 Qe1+ 29. Qf1 Qxf1+ 30. Kxf1 Bxd4 31. Ke2 f5 32. f3 f4 1/2-1/2

[Event "Lliga Catalana DH"]
[Site "?"]
[Date "2015.02.21"]
[Round "5.7"]
[White "Bofill Mas, A."]
[Black "Obon Temprano, S."]
[Result "1/2-1/2"]
[WhiteElo "2437"]
[BlackElo "2373"]
[PlyCount "146"]
[EventDate "2015.??.??"]
[EventType "team"]

1. c4 c6 2. g3 d5 3. Nf3 Nf6 4. Bg2 Bg4 5. Ne5 Be6 6. cxd5 Bxd5 7. Nf3 Nbd7 8.
Nc3 e6 9. O-O Be7 10. d3 Bxf3 11. Bxf3 O-O 12. Bg2 Nd5 13. Bd2 Qb6 14. Rb1 Rfd8
15. b4 a6 16. Qb3 Nxc3 17. Bxc3 Nf6 18. Qb2 Ne8 19. a4 Bf6 20. Rfc1 Rdc8 21. e3
h6 22. Bxf6 Nxf6 23. Qc3 Nd5 24. Bxd5 exd5 25. d4 Qd8 26. Qd3 Qd7 27. Kg2 g6
28. b5 cxb5 29. axb5 a5 30. b6 a4 31. Rxc8+ Rxc8 32. Rb4 Ra8 33. Qa3 Qc6 34.
Rb1 Kg7 35. Rb4 h5 36. h4 Ra6 37. Rb1 Ra8 38. Rb4 Qc2 39. Rb5 Rc8 40. Qe7 Qe4+
41. Qxe4 dxe4 42. Ra5 Rc6 43. Rxa4 Rxb6 44. Ra8 f5 45. Kf1 Kf6 46. Re8 Rb1+ 47.
Ke2 Rb2+ 48. Kf1 b5 49. Rb8 b4 50. Rb6+ Kf7 51. Rb7+ Ke6 52. Rb6+ Kf7 53. Rb7+
Ke6 54. Rb6+ Kd5 55. Rxg6 Kc4 56. Rf6 b3 57. Rxf5 Rb1+ 58. Kg2 b2 59. Rc5+ Kb4
60. Rc7 Rc1 61. Rb7+ Kc3 62. g4 hxg4 63. Kg3 b1=Q 64. Rxb1 Rxb1 65. Kxg4 Kc4
66. f3 Kd5 67. fxe4+ Kxe4 68. Kg5 Re1 69. h5 Rxe3 70. h6 Rh3 71. Kg6 Kxd4 72.
h7 Ke5 73. Kg7 Rxh7+ 1/2-1/2

[Event "Lliga Catalana DH"]
[Site "?"]
[Date "2015.02.21"]
[Round "5.8"]
[White "Bosque Ortega, X."]
[Black "Aranaz Murillo, A."]
[Result "1/2-1/2"]
[WhiteElo "2300"]
[BlackElo "2344"]
[PlyCount "163"]
[EventDate "2015.??.??"]
[EventType "team"]

1. d4 Nf6 2. Nf3 b6 3. Bf4 Bb7 4. e3 e6 5. Bd3 Be7 6. Nbd2 d5 7. Ne5 a6 8. Qf3
c5 9. c3 Nc6 10. g4 Nxe5 11. Bxe5 Bd6 12. Qg3 Bxe5 13. Qxe5 h6 14. h4 Qb8 15.
Nf3 Ke7 16. Qxb8 Raxb8 17. Ne5 Nd7 18. f4 Nxe5 19. fxe5 f6 20. O-O Rbf8 21. Rf2
fxe5 22. dxe5 Rxf2 23. Kxf2 Rf8+ 24. Kg3 d4 25. Rf1 Rxf1 26. Bxf1 dxc3 27. bxc3
g5 28. hxg5 hxg5 29. a4 Kd7 30. Bc4 Bc6 31. Bxa6 Bxa4 32. c4 b5 33. cxb5 Kc7
34. Kf2 Bd1 35. Kg3 Bb3 36. Kf3 Bd5+ 37. Ke2 Be4 38. b6+ Kxb6 39. Bc8 Bd5 40.
Kd3 Kc7 41. Ba6 Bf3 42. Bc4 Bxg4 43. e4 Kb6 44. Kc3 Ka5 45. Ba2 Kb5 46. Bc4+
Ka4 47. Ba2 Kb5 48. Bc4+ Kc6 49. Kd2 Bh3 50. Ke3 Bg4 51. Kf2 Kd7 52. Bb5+ Ke7
53. Bc4 Kf7 54. Bb3 Bh5 55. Bc4 Ke7 56. Bb3 Bg4 57. Bc4 Bd1 58. Kg3 Kf7 59. Kf2
Bc2 60. Kf3 Ke7 61. Kg4 Bxe4 62. Kxg5 Bd5 63. Bb5 Bb3 64. Kf4 Kf7 65. Bd7 Kg6
66. Be8+ Kh6 67. Bf7 Bd5 68. Be8 Ba2 69. Bf7 Bb3 70. Be8 Bd5 71. Bf7 Kg7 72.
Be8 Kf8 73. Bb5 Ke7 74. Ke3 Kd8 75. Kd3 Ba2 76. Kc3 Bd5 77. Kd3 Kc7 78. Kc3 Bc6
79. Bc4 Kd7 80. Bxe6+ Kxe6 81. Kc4 Kxe5 82. Kxc5 1/2-1/2

[Event "Lliga Catalana DH"]
[Site "?"]
[Date "2015.02.21"]
[Round "5.9"]
[White "Avila Jimenez, X."]
[Black "Carrasco Rodriguez, J."]
[Result "0-1"]
[WhiteElo "2308"]
[BlackElo "2272"]
[PlyCount "84"]
[EventDate "2015.??.??"]
[EventType "team"]

1. d4 d5 2. c4 c6 3. cxd5 cxd5 4. Bf4 Nc6 5. e3 Nf6 6. Bd3 e6 7. Nc3 Bd6 8.
Bxd6 Qxd6 9. f4 O-O 10. Nf3 b6 11. O-O Bb7 12. Ne5 Nb4 13. Bb1 Ne4 14. a3 Na6
15. Rf3 f6 16. Ng4 f5 17. Ne5 Nxc3 18. bxc3 Rac8 19. Rh3 g6 20. Qe1 Qc7 21. Qh4
Qg7 22. Bd3 Rxc3 23. Bb5 Nb8 24. Qe1 Rfc8 25. Nf3 a6 26. Ba4 b5 27. Ng5 h6 28.
Nxe6 Qf6 29. Nc5 R8xc5 30. dxc5 bxa4 31. Rb1 Rb3 32. Rg3 Nc6 33. Rd1 Ne7 34.
Qa5 Bc6 35. Qxa6 Rxa3 36. e4 Ra1 37. Qf1 Rxd1 38. Qxd1 fxe4 39. Ra3 d4 40. g3
e3 41. Qb1 Qe6 42. Qb8+ Kf7 0-1

[Event "Lliga Catalana DH"]
[Site "?"]
[Date "2015.02.21"]
[Round "5.10"]
[White "Ramirez Carrizo, VJ."]
[Black "Lopez Agustench, E."]
[Result "1/2-1/2"]
[WhiteElo "2229"]
[BlackElo "2328"]
[PlyCount "82"]
[EventDate "2015.??.??"]
[EventType "team"]

1. e4 c5 2. Nf3 e6 3. d4 cxd4 4. Nxd4 a6 5. Bd3 Bc5 6. Nb3 Be7 7. Be3 d6 8.
N1d2 Nd7 9. f4 Qc7 10. Qe2 Ngf6 11. O-O-O e5 12. f5 d5 13. exd5 Nxd5 14. g4
Nxe3 15. Qxe3 Nc5 16. Ne4 Nxe4 17. Bxe4 h6 18. h4 Bd7 19. Rd3 Rc8 20. Rc3 Qb8
21. Nc5 Bxc5 22. Rxc5 Rxc5 23. Qxc5 b6 24. Qd5 Ke7 25. Rd1 Rd8 26. g5 hxg5 27.
hxg5 Bb5 28. f6+ gxf6 29. gxf6+ Ke8 30. Qxd8+ Qxd8 31. Rxd8+ Kxd8 32. Bd5 Ke8
33. Kd2 Bd7 34. Ke3 Bf5 35. c4 Bg6 36. b4 Kd7 37. c5 bxc5 38. bxc5 Kc7 39. Kd2
Kd7 40. Kc3 Kc7 41. Kd2 Kd7 1/2-1/2

[Event "Lliga Catalana DH"]
[Site "?"]
[Date "2015.02.21"]
[Round "5.1"]
[White "Gonzalez Rodriguez, JA."]
[Black "Jerez Perez, A."]
[Result "0-1"]
[WhiteElo "2466"]
[BlackElo "2466"]
[PlyCount "100"]
[EventDate "2015.??.??"]
[EventType "team"]

1. b3 e5 2. Bb2 Nc6 3. e3 d5 4. Bb5 Bd6 5. Nf3 f6 6. c4 a6 7. Bxc6+ bxc6 8. Qc2
Be6 9. d3 Nh6 10. O-O O-O 11. Ba3 Qd7 12. Bxd6 cxd6 13. Nc3 dxc4 14. dxc4 Bg4
15. Nd2 d5 16. Na4 Rad8 17. Nc5 Qe7 18. b4 a5 19. cxd5 cxd5 20. bxa5 Rc8 21.
Ndb3 Rfd8 22. Rac1 Nf7 23. e4 d4 24. Qd3 Nd6 25. Rc2 Bh5 26. Rfc1 Be8 27. a4
Bf7 28. a6 Rb8 29. Na5 Rdc8 30. Nab7 h6 31. h3 Ra8 32. Rb1 Rc6 33. a5 Qc7 34.
f3 Kh7 35. Kh2 f5 36. Nxd6 Qxd6 37. Rb6 Rxb6 38. axb6 Qxb6 39. exf5 Ra7 40. Rc1
Qd6 41. Kh1 Rc7 42. Qa3 Bd5 43. Qa5 e4 44. a7 exf3 45. a8=Q Qg3 46. Qd2 Bxa8
47. Kg1 fxg2 48. Qxd4 Qxh3 49. f6 Qh1+ 50. Kf2 Qxc1 0-1

[Event "Lliga Catalana DH"]
[Site "?"]
[Date "2015.02.21"]
[Round "5.2"]
[White "Granados Gomez, M."]
[Black "Lillo Castany, V."]
[Result "1/2-1/2"]
[WhiteElo "2442"]
[BlackElo "2376"]
[PlyCount "48"]
[EventDate "2015.??.??"]
[EventType "team"]

1. e4 e5 2. Nf3 Nc6 3. Bc4 Nf6 4. d3 Bc5 5. O-O a6 6. c3 d6 7. h3 Ba7 8. Bb3 h6
9. Re1 O-O 10. d4 Re8 11. dxe5 dxe5 12. Qxd8 Nxd8 13. Nbd2 b5 14. Nf1 Bb7 15.
Ng3 Nc6 16. Bc2 Rad8 17. Be3 Bxe3 18. Rxe3 Na5 19. b3 c5 20. Ree1 Nc6 21. Rad1
g6 22. Rxd8 Rxd8 23. Re3 Rd1+ 24. Bxd1 Kf8 1/2-1/2

[Event "Lliga Catalana DH"]
[Site "?"]
[Date "2015.02.21"]
[Round "5.3"]
[White "Cuadras Avellana, J."]
[Black "Torrecillas Martinez, A."]
[Result "1-0"]
[WhiteElo "2357"]
[BlackElo "2408"]
[PlyCount "101"]
[EventDate "2015.??.??"]
[EventType "team"]

1. c4 Nf6 2. Nc3 d5 3. cxd5 Nxd5 4. g3 g6 5. Bg2 Nb6 6. d3 Bg7 7. Be3 O-O 8.
Qd2 N8d7 9. Bh6 Nf6 10. Nf3 Re8 11. Bxg7 Kxg7 12. O-O e5 13. Rac1 c6 14. b3 Qe7
15. Qb2 Bf5 16. Nd2 Rad8 17. Nde4 Nfd7 18. b4 Be6 19. a4 f5 20. Nd2 Nf6 21. a5
Nbd5 22. Nxd5 Bxd5 23. a6 Bxg2 24. Kxg2 bxa6 25. Kg1 Rd6 26. Rc4 Rb8 27. Ra1
Rb6 28. Ra5 Rd5 29. Qa1 Qb7 30. Qc3 Qd7 31. Nb3 Qd6 32. Rac5 Qe7 33. Rxc6 Rd7
34. Rc7 Rb7 35. Rxd7 Rxd7 36. Nc5 Rd6 37. Qa1 Rd4 38. Qxa6 Rxc4 39. Qxc4 Qd6
40. d4 exd4 41. Ne6+ Kf7 42. Nxd4+ Qd5 43. Qc7+ Qd7 44. Qc5 Ne4 45. Qc4+ Kf6
46. e3 Qd6 47. b5 Qa3 48. Qe6+ Kg5 49. Qe5 Qc1+ 50. Kg2 Qd2 51. Nf3+ 1-0